Nový zákon o elektronickom podpise

Bibliographic Details
Main Author: Gregušová, Daniela, 1947- (Author)
Format: Article
Language:Slovak
ISSN:1335-0714
Subjects:

MARC

LEADER 00000nab a2200000 a 4500
001 vtls000797688
003 SK-MaSNL
005 20260302155406.0
008 180205c2002 xo 0 slo
015 |a SNBRB2002/06-20147 
035 |a CLN000149343 
040 |a SNKBUCL  |b slo  |c SNKBUCL  |e AACR2 
041 0 |a slo 
044 |a xo  |c SK 
080 |a 347.716:681.3:340.132  |2 UDC-MRF-SK2 
080 |a 339.162:681.3  |2 UDC-MRF-SK2 
080 |a 681.3  |2 UDC-MRF-SK2 
100 1 |a Gregušová, Daniela,  |d 1947-  |4 aut  |9 204692 
245 1 0 |a Nový zákon o elektronickom podpise  |c Daniela Gregušová 
650 0 7 |a podpis elektronický  |x zákony  |2 snkbucl  |9 839459 
655 7 |a články z novín a časopisov  |2 snkbucl  |9 267496 
773 0 |x 1335-0714  |t Ekonomický a právny poradca podnikateľa  |g Č. 12 (2002), s. 198-200 
850 |a Slovenská národná knižnica v Martine 
852 |a SNK  |b KIS3GCP 
958 |a RBX 
999 |c 1371321  |d 1373251